000
00408nam a2200133Ia 4500
008
230917s9999||||xx |||||||||||||| ||und||
040
_e
175521
_a
MAIN
041
_a
English
082
_a
891.432741 VS58N
100
_a
वर्मा, सुरेश कुमार
245
0
_a
निम्न मार्गी
260
_a
कानपुर
_b
आराधना बर्दस
_c
1981
942
_c
HN
999
_c
231004
_d
231004